000 00495nam a2200169 4500
020 _a9789348164308
082 _aM080 007
_bANI/E
100 _aAnilkumar V K
245 _aEzhithule Basheeranu theyyathile muthappan/
_cby Anilkumar V K
260 _aKottayam:
_bSahithya Pravarthaka Co-operative Society,
_c2025.
300 _a128p.
650 _aLiterature Basheer Study
650 _aLiterature Malayalam Study
650 _aLiterature Malayalam
650 _aLiterature
942 _cBK
999 _c181998
_d181998